000 00364nam a22001577a 4500
005 20251108172618.0
008 250721s9999 xx 000 0 eng d
082 1 4 _a551.6HOUژ
100 1 _aHoughton, John
245 1 0 _aGlobal warming /
264 1 _aLondon :
_bAlion book,
300 _a193 p
650 1 7 _aClimatology
942 _2ddc
_cBK
999 _c84006
_d84006